| 000 | 00444nam a22001697a 4500 | ||
|---|---|---|---|
| 005 | 20160518172438.0 | ||
| 008 | 160518b xxu||||| |||| 00| 0 eng d | ||
| 020 | _a81-203-1138-8 | ||
| 041 | _aeng | ||
| 082 | _b3088 | ||
| 100 |
_aNarasimhan . SL & Mclevey . D.W. _9769 |
||
| 245 | _aProduction Planning & Inventory Control | ||
| 260 |
_aNew Delhi _bPHI learning Pvt. Ltd. _c2004 |
||
| 300 | _a716 | ||
| 650 |
_aManagement _9241 |
||
| 942 | _cBK | ||
| 999 |
_c1057 _d1057 |
||